• 首页
  • 本馆介绍
  • 公告通知
  • 最新文献
  • 馆藏检索
  • 电子资源
  • 读者导购
  • 参考咨询
  • 我的图书馆
  • 登录
  • 详细信息显示
  • 放入我的书架
  • 预约/预借图书
  • 作者相关作品
  • 分类相关作品
  • 丛书相关作品
  • 出版社相关作品

书目信息

  • 表格格式
  • 工作单格式
  • 卡片格式
题名:
英汉微生物学与分子生物学词典
    
 
作者: 辛格尔顿 , 赛恩斯伯里 编 ;马清钧 , 石成华 译
分册:  
出版信息: 北京   化学工业出版社  2008
页数: 1363页
开本: 21cm
丛书名:
单 册:
中图分类: Q93-61 , Q7-61
科图分类:
主题词: 微生物学x--语--汉语--词典 , 分子生物学--英语--汉语--词典 , 微生物学 , 分子生物学
电子资源:
ISBN: 978-7-122-00125-2
000 01416nam0 2200337 45
001 1029895417
005 20100429093142.31
010    @a978-7-122-00125-2@b精装@dCNY120.00
100    @a20100420d2008 em y0chiy0110 ea
101 1  @achi@ceng
102    @aCN@b110000
105    @ay e 001yy
106    @ar
200 1  @a英汉微生物学与分子生物学词典@AYing Han Wei Sheng Wu Xue Yu Fen Zi Sheng Wu Xue Ci Dian@dDictionary of microbiology and molecular biolgy@f(英)P. 辛格尔顿(Paul Singleton),(英)D. 赛恩斯伯里(Diana Sainsbury)编@F( Ying )P. Xin Ge Er Dun (Paul Singleton),( Ying )D. Sai En Si Bo Li (Diana Sainsbury) Bian@g马清钧,石成华等译@zeng
210    @a北京@c化学工业出版社@d2008
215    @a1363页@d21cm
305    @aJohn Wiley & Sons出版公司授权出版 据原书第3版翻译
330    @a本书收录的生物学类名超过5000个分类群,包括藻类、古菌、细菌、真菌、原生动物及病毒等。
510 1  @aDictionary of microbiology and molecular biolgy@zeng
606 0  @a微生物学x@英语@x汉语@x词典
606 0  @a分子生物学@x英语@x汉语@x词典
606 0  @a微生物学
606 0  @a分子生物学
690    @aQ93-61@v4
690    @aQ7-61
701  1 @a辛格尔顿@AXin Ge Er Dun@g(Singleton, Paul)@4编
701  1 @a赛恩斯伯里@ASai En Si Bo Li@g(Sainsbury, Diana)@4编
702  0 @a马清钧@AMa Qing Jun@4译
702  0 @a石成华@AShi Cheng Hua@4译
801  0 @aCN@bTANGWEI@c20100429
905    @b0593853-57@dQ93-61@e68@f5
    
    英汉微生物学与分子生物学词典=Dictionary of microbiology and molecular biolgy/(英)P. 辛格尔顿(Paul Singleton),(英)D. 赛恩斯伯里(Diana Sainsbury)编/马清钧,石成华等译.-北京:化学工业出版社,2008
    1363页;21cm
    
    
    ISBN 978-7-122-00125-2(精装):CNY120.00
    本书收录的生物学类名超过5000个分类群,包括藻类、古菌、细菌、真菌、原生动物及病毒等。
●
相关链接 在E读中查询图书 在五车中查询图书 在当当中查询图书 在豆瓣中查询图书


正题名:英汉微生物学与分子生物学词典     索取号:Q93-61/68         预约/预借

序号 登录号 条形码 馆藏地/架位号 状态 备注
1 0593853   205938538   第二样本阅览室/ [索取号:Q93-61/68] 在馆    
2 0593854   205938547   第三借阅区/ [索取号:Q93-61/68] 在馆    
3 0593855   205938556   第三借阅区/ [索取号:Q93-61/68] 在馆    
4 0593856   205938565   第三借阅区/ [索取号:Q93-61/68] 在馆    
5 0593857   205938574   第三借阅区/ [索取号:Q93-61/68] 在馆    
唐山师范学院图书馆 欢迎您!
大连网信软件有限公司© 版权所有